Polskie kluby w Europejskich Pucharach od lat 90' - Statystyki

Ogólne statystyki
  • Ten quiz został rozwiązany 82 razy
  • Średni wynik to 44 z 52
Statystyki odpowiedzi
Hint Odpowiedź % Poprawnych
92/93 LM Lech Poznań
100%
93/94 LM Lech Poznań
100%
99/00 LE Lech Poznań
100%
08/09 LE Lech Poznań
100%
10/11 LE Lech Poznań
100%
15/16 LE Lech Poznań
100%
20/21 LE Lech Poznań
100%
22/23 LKE Lech Poznań
100%
95/96 LM Legia Warszawa
100%
16/17 LM Legia Warszawa
100%
96/97 LE Legia Warszawa
100%
99/00 LE Legia Warszawa
100%
01/02 LE Legia Warszawa
100%
02/03 LE Legia Warszawa
100%
11/12 LE Legia Warszawa
100%
13/14 LE Legia Warszawa
100%
14/15 LE Legia Warszawa
100%
15/16 LE Legia Warszawa
100%
21/22 LE Legia Warszawa
100%
23/24 LKE Legia Warszawa
100%
98/99 LE Wisła Kraków
97%
00/01 LE Wisła Kraków
97%
01/02 LE Wisła Kraków
97%
02/03 LE Wisła Kraków
97%
03/04 LE Wisła Kraków
97%
06/07 LE Wisła Kraków
97%
11/12 LE Wisła Kraków
97%
23/24 LE Raków Częstochowa
94%
96/97 LM Widzew Łódź
87%
92/93 LE Widzew Łódź
87%
95/96 LE Widzew Łódź
87%
97/98 LE Widzew Łódź
87%
99/00 LE Widzew Łódź
87%
00/01 LE Ruch Chorzów
77%
98/99 LE ŁKS Łódź
76%
91/92 LE Górnik Zabrze
73%
94/95 LE Górnik Zabrze
73%
95/96 LE Górnik Zabrze
73%
98/99 LE Polonia Warszawa
73%
00/01 LE Polonia Warszawa
73%
01/02 LE Polonia Warszawa
73%
02/03 LE Polonia Warszawa
73%
90/91 LE Zagłębie Lubin
65%
99/00 LE Amica Wronki
61%
00/01 LE Amica Wronki
61%
02/03 LE Amica Wronki
61%
04/05 LE Amica Wronki
61%
90/91 LE GKS Katowice
52%
92/93 LE GKS Katowice
52%
94/95 LE GKS Katowice
52%
96/97 LE Hutnik Kraków
14%
03/04 LE Groclin Grodzisk Wlkp
1%
Nie znaleziono quizów pasujących do podanych kryteriów
Rozkład punktacji
Procent ludzi z każdym wynikiem
Percentyl według liczby udzielonych odpowiedzi
Twoja historia wyników
Nie rozwiązałeś tego quizu